Welcome to CU Library Online Public Access Catalogue (OPAC)

Strategic management and competitive advantage : (Record no. 5419)

MARC details
000 -LEADER
fixed length control field 00733cam a22002294a 4500
001 - CONTROL NUMBER
control field 13901458
005 - DATE AND TIME OF LATEST TRANSACTION
control field 20250411130650.0
008 - FIXED-LENGTH DATA ELEMENTS--GENERAL INFORMATION
fixed length control field 050316s2006 njua b 001 0 eng
020 ## - INTERNATIONAL STANDARD BOOK NUMBER
International Standard Book Number 0131542745
050 00 - LIBRARY OF CONGRESS CALL NUMBER
Classification number HD30.28
Item number .B36834 2006
082 00 - DEWEY DECIMAL CLASSIFICATION NUMBER
Classification number 658.4/012
Edition information 22
100 1# - MAIN ENTRY--PERSONAL NAME
Personal name Barney, Jay B.
245 10 - TITLE STATEMENT
Title Strategic management and competitive advantage :
Remainder of title concepts and cases /
Statement of responsibility, etc. Jay B. Barney, William S. Hesterly.
260 ## - PUBLICATION, DISTRIBUTION, ETC.
Place of publication, distribution, etc. Upper Saddle River, NJ :
Name of publisher, distributor, etc. Pearson/Prentice Hall,
Date of publication, distribution, etc. c2006.
300 ## - PHYSICAL DESCRIPTION
Extent xvi, 368 p. :
Other physical details col. ill. ;
Dimensions 26 cm.
650 #0 - SUBJECT ADDED ENTRY--TOPICAL TERM
Topical term or geographic name entry element Strategic planning.
650 #0 - SUBJECT ADDED ENTRY--TOPICAL TERM
Topical term or geographic name entry element Business planning.
650 #0 - SUBJECT ADDED ENTRY--TOPICAL TERM
Topical term or geographic name entry element Industrial management.
650 #0 - SUBJECT ADDED ENTRY--TOPICAL TERM
Topical term or geographic name entry element Competition.
700 1# - ADDED ENTRY--PERSONAL NAME
Personal name Hesterly, William S.
942 ## - ADDED ENTRY ELEMENTS (KOHA)
Source of classification or shelving scheme Library of Congress Classification
Koha item type Books
Suppress in OPAC No
999 ## -
-- 5419
-- 5419
Holdings
Withdrawn status Lost status Source of classification or shelving scheme Damaged status Not for loan Collection Home library Current library Shelving location Date acquired Total checkouts Full call number Barcode Date last seen Copy number Price effective from Koha item type
    Library of Congress Classification     Non-fiction Graduate Library (Christ Temple) Graduate Library (Christ Temple) General stacks 04/11/2025   HD 30.28 BAR GSCT00001032 04/11/2025 1 04/11/2025 Books
© 2023-2024 Copyright: Central University Libraries. All Rights Reserved | Created by: Mahone Tech Office